00659nam a2200193Ia 4500952015100000999001500151003000400166005001700170008004100187020001500228040000900243082001800252100003000270245005100300260005200351300000900403650001100412942004200423 00102ddc40708BIOLOGYaMESbMEScBOTANYd2019-02-20g165.00l1m1o572.46 MIS/Pp32756r2023-07-31 11:09:07s2023-07-03w2019-02-20yBKzGL18R1 c1733d1733OSt20200924142043.0190216s9999||||xx |||||||||||||| ||und|| a8171418910 coclc a572.46bMIS/P aMishra, Shubhrata R94845 0aPhotosynthesis In Plants /cShubhrata R Mishra bDiscovery Publishing House, aNew Delhi:c2004. a268p aBotany cBK2ddch572.46iMIS/Pk572.46mMIS/P